| 000 | 00863nam a2200313Ia 4500 | ||
|---|---|---|---|
| 003 | OSt | ||
| 005 | 20220912144702.0 | ||
| 006 | a|||||r|||| 00| 0 | ||
| 007 | ta | ||
| 008 | 220909b |||||||| |||| 00| 0 eng d | ||
| 020 | _a1558605290 (Pbk) | ||
| 020 | _aSL00859511 | ||
| 024 | _a183034 | ||
| 037 | _cTextual | ||
| 040 |
_aCSL _beng _cCSL |
||
| 041 | _aeng | ||
| 082 | _aD65,8(B),27, N9 | ||
| 100 | _aPyle Dorian | ||
| 245 | 0 | _aData preparation for data mining | |
| 260 |
_aSan _bFrancisco Morgan Kaufmann Pub. _c1999 |
||
| 300 | _axix,540p. Including CD-ROM | ||
| 500 | _aAppendix 505-507p.; Reference 509-511p.; Index 513-535p. | ||
| 650 | _a Data Mining | ||
| 650 | _aDatabase Management | ||
| 700 | _aPyle Dorian | ||
| 942 |
_hD65,8(B),27, N9 _cTEXL _2CC |
||
| 999 |
_c15759 _d15759 |
||